| 000 | 00615nam a2200205Ia 4500 | ||
|---|---|---|---|
| 003 | GCL | ||
| 008 | 140319s9999 xx 000 0 eng d | ||
| 040 |
_aGCL / _cGCL |
||
| 082 | 0 | 4 |
_a957.033 _bC V |
| 100 | 1 | _aCLESSE, ARMAND | |
| 245 | 1 | 0 |
_aTHE VITALITY OF THE JAPAN SOURCES OF NATIONAL STRENGTH AND WEAKNESS / _cCLESSE, ARMAND |
| 700 | 1 | _aINOGUCHI, TAKASHI | |
| 700 | 1 | _aKEEHN, E.B | |
| 260 |
_a[S.N] : _bMACMILLAN PRESS ، _c1997 |
||
| 300 | _a414 P | ||
| 650 | 0 | 4 | _aJAPAN - SOCIAL CONDITION |
| 650 | 0 | 4 | _aJAPAN - POLITICS AND GOVERNMENT |
| 650 | 0 | 4 | _aJAPAN - FOREIGN ECONOMICS RELATIONS |
| 942 |
_2ddc _cBK |
||
| 999 |
_c15855 _d15855 |
||